OECD studies on water: Water governance in cities

Guardado en:
Detalles Bibliográficos
Formato: Libro
Lenguaje:inglés
Publicado: Paris OECD 2016
Colección:OECD studies on water
Materias:
Etiquetas: Agregar Etiqueta
Sin Etiquetas, Sea el primero en etiquetar este registro!

MARC

LEADER 00000nam a2200000 4500
001 0219962
005 20240314123347.8
020 |a 978-92-64-25108-3 
041 0 |a eng 
044 |a FR 
245 1 0 |a OECD studies on water: Water governance in cities 
264 1 |a Paris  |b OECD  |c 2016 
300 |a 138 s. 
490 1 |a OECD studies on water 
830 0 |a OECD studies on water 
610 2 0 |a voda 
610 2 0 |a vodohospodárstvo 
610 2 0 |a mestá 
610 2 0 |a riadenie 
610 2 0 |a znečistenie vôd 
610 2 0 |a dôsledky sociálne 
610 2 0 |a ekológia 
610 2 0 |a nástroje riadenia